01083nas a2200241Ia 4500001001100000003000900011008004100020040001300061040001300074041001300087100003800100210004500138222004500183245012900228250001100357260003400368501008600402300001000488310001500498362002600513500026400539650003800803R223/L1936IT-RoPAU151124c99999999xx |||||||||||| ||und|| aIT-RoPAU cIT-RoPAU aITALIANO aAA.VV. gCodice Aut. SPICS: 12000 aCHIESA OGGI ARCHITETTURA E COMUNICAZIONE aChiesa Oggi Architettura E Comunicazione aCHIESA OGGI ARCHITETTURA E COMUNICAZIONE, ANNO 15-N.74 (2006)bChiesa Oggi Architettura E Comunicazione, Anno 15-N.74 (2006) a1a ed. aMILANObDI BAIO EDITOREc2006 bPaulus - SPICS - Società San Paolo EM (non-commercial uses only)cCopyright2015 a80 p. aBIMESTRALE aANNO 015, N.74 (2006) aEditoriale: L'Importanza Dello Stupire di G.M. Jonghi Lavarini. Iv Convegno Ecclesiale Nazionale di Verona: L'Annuncio, Cuore dell'Impegno di V. Grienti. Chiesa S. Tommaso D'Aquino, Univirsità Tor Vergata: il Crocifisso, Segno di Religione e di Civiltà di aESTETICAvPUBBLICAZIONE PERIODICA